000 00461nam a2200145Ia 4500
001 924
008 241024s9999 xx 000 0 und d
082 _a370.9/U56i
100 _aUNESCO
245 0 _aInforme de segumiento de la EPT en el mundo superar la desigualdad: por que es importante la gobernanza. Resumen, informe de seguimiento de la EPT en el mundo 2009
260 _bUNESCO
_c2009
590 _asi
901 _a9/12/2010 2:02:20 p.m.
999 _c11007
_d11007